00288pab a2200121 454500008004000000100001800040245003100058260000900089300000600098362001200104650003100116773001900147180718b1983 xxu||||| |||| 00| 0 eng d aNoorani, A.G. aCurbing AIR's partisanship c1983 a6 a31 Jan. aRadio Braodcasting - India aIndian Express